000 00518nam a2200157 i 4500
001 45388
003 ES-MaACL
005 20230906161217.0
007 t|
008 030325s1908 sp ||||1| spa d
100 1 _aColorado y Lara, Eugenio.
_939893
245 1 0 _aSegovia
_b: ensayo de una crítica artística de sus monumentos con un compendio de su historia /
_cEugenio Colorado y Lara.
260 _aSegovia :
_bAntonio San Martín,
_c1908.
300 _aXV, 283 p. :
_bil. ;
_c19 cm.
852 _aES-MaACL
_jF-10293
999 _c45388
_d45388